| 000 | 00698nam a2200217 i 4500 | ||
|---|---|---|---|
| 001 | bgj | ||
| 245 | 1 | 0 |
_aNeues Handbuch der Literaturwissenschaft. _chrsg. von Klaus von See ; Bandherausgeber Helmut Kreuzer. _nBd. 18. _pJahrundertende-Jahrundertwende 1 / |
| 246 | 1 | _aDer |Naturalismus in der Romania. | |
| 260 |
_aWiesbaden : _bAkademische Verlagsgesellschaft Athenaion, _c1976. |
||
| 300 |
_aS. [33]-68 : _bil. ; _c22 cm. |
||
| 505 | _aSonderdruck | ||
| 650 | 9 | _aLiteratura | |
| 700 | 1 | _aSEE, Klaus von. | |
| 700 | 1 | _aKREUZER, Helmut. | |
| 700 | 1 | _aNEUSCHÄFER, Hans-Jörg. | |
| 040 | _cBPK | ||
| 041 | 0 | _ager | |
| 080 | _a82 | ||
| 942 | _cKS | ||
| 008 | s gw f |000 0 ger | ||
| 999 |
_c49954 _d49954 |
||
| 856 |
_uhttp://koha.tu.koszalin.pl/cgi-bin/koha/opac-detail.pl?biblionumber=49954 _yKatalog online BPK |
||